000 00451cam a22001934a 4500
005 20250605164152.0
008 250528s ||||||||||||||||||||||||d
035 _a19427
020 _a9604059114
040 _aGR-AtMCL
_bgre
_dGR-AtMCL
_eAACR2
245 1 _aΔΙΚΤΥΑ ΥΠΟΛΟΓΙΣΤΩΝ
250 _a1
260 _bΊων,
_c1999
300 _a155
700 1 _aCohen Alan M
_95676
942 _cBK
999 _c4683
_d4683